000 00277nam a22001337a 4500
008 181024b xxu||||| |||| 00| 0 eng d
020 _a9781618656414
041 _aeng
080 _a004
100 _a37
101 _aSHK
245 _aLSAT 2016
_cKplanLS
942 _2udc
_cBK
999 _c50881
_d50881